LIBRARY & INFORMATION CENTRE, KCAET, TAVANUR

ONLINE PUBLIC ACCESS CATALOGUE (OPAC)

Design of modern steel structures / (Record no. 10398)

MARC details
000 -LEADER
fixed length control field 00410cam a2200157ua 4500
003 - CONTROL NUMBER IDENTIFIER
control field OSt
008 - FIXED-LENGTH DATA ELEMENTS--GENERAL INFORMATION
fixed length control field 250610b |||||||| |||| 00| 0 eng d
041 ## - LANGUAGE CODE
Language code of text/sound track or separate title eng
082 ## - DEWEY DECIMAL CLASSIFICATION NUMBER
Classification number 624.1821
Item number GRI/DE
100 ## - MAIN ENTRY--AUTHOR NAME
Personal name Grinter, Linten E .
245 ## - TITLE STATEMENT
Title Design of modern steel structures /
250 ## - EDITION STATEMENT
Edition statement 2 /
260 ## - PUBLICATION, DISTRIBUTION, ETC. (IMPRINT)
Place of publication New Delhi :
Name of publisher Eurasia Publishing house pvt ltd ,
Year of publication 1965.
300 ## - PHYSICAL DESCRIPTION
Number of Pages 491 ; .
942 ## - ADDED ENTRY ELEMENTS (KOHA)
Koha item type Books
Holdings
Withdrawn status Lost status Damaged status Home library Current library Date acquired Full call number Accession Number Koha item type
      KAUAET KAUAET 07/04/2012 624.1821 GRI/DE 12333 Books
free website counter